000
00270nam a2200121Ia 4500
100
_a
Gieck/ Kurt
942
_c
BK
654
_a
Engineering formulas
245
_a
Engineering formulas
260
_b
McGraw Hill
_a
New York
_c
1976
082
_a
621.0212
546
_a
ENGLISH
999
_c
19234
_d
19234